Statistics for Top 15 Celebrities Born In 1973

Click here to take the quiz!

General Stats

  • This quiz has been taken 116 times
    (83 since last reset)
  • The average score is 6 of 15

Answer Stats

Answer% Correct
Pharrell Williams
75%
Neil Patrick Harris
73%
Paul Walker
69%
Jim Parsons
59%
George Floyd
53%
Seth MacFarlane
52%
Kristen Wiig
42%
Sean Paul
42%
Tyra Banks
39%
Mario Lopez
33%
Neve Campbell
33%
Akon
19%
Kate Beckinsale
16%
Holly Marie Combs
8%
Grey Griffin/ Grey Delisle
6%

Score Distribution

Percentile by Number Answered

Percent of People with Each Score

Your Score History

You have not taken this quiz since the last reset